00234nam a2200097Ia 4500008004100000082001500041100001500056245003400071260001900105600001200124241002s9999 xx 000 0 und d a954.91 IKR aIkram, S.M 0aCultural Heritage of Pakistan aKarachi:c1955 aHistory